000 00517nam a2200217Ia 4500
003 OSt
005 20220918231314.0
006 a|||||r|||| 00| 0
007 ta
008 220917b |||||||| |||| 00| 0 eng d
024 _a277,875
037 _cTextual
040 _aARTS
_cARTS
_beng
041 _2eng
_aeng
082 _aO5921,2MPx, L2
245 0 _aPrepessicius opere
260 _c1972
650 _aENGLISH LITERATURE
942 _hO5921,2MPx, L2
_cTEXL
_2CC
999 _c290494
_d290494